000 00810nas a2200277 4500
001 BR9103219
003 BR-BrBNA
005 20231205092053.0
007 ta
008 230509b bl.|||p| |||| 00| 00por d
040 _aBR-BrBNA
_bpor
_cBiblioteca Nacional de Agricultura
041 _a(Pt)
072 _aN20; L01
100 1 _aPires, M. de F.A.
100 1 _aEncarnacao, R. de O.
100 1 _aEncarnacao, R. de O.
100 1 _aCampos, A.T. de
245 1 _aCama para free-stall: o que usar? [gado leiteiro, estabulo, baia, manejo]
650 _aGADO LEITEIRO
650 _aESTABULO
650 _aBAIA
650 _aMANEJO
773 0 _tGado Holandes (Brazil)
_xISSN 0101-7977
_g(Aug 1991), v. 57(395) p. 30-31
_wBR9103219
909 _a202311
_bLúcia
_c55
_dLúcia Elande
942 _2AGRIS
_n0
_cANA
999 _c129112
_d129112